| 000 | 01657cam a2200301 i 4500 | ||
|---|---|---|---|
| 003 | SA-RiAUC | ||
| 005 | 20260313121027.0 | ||
| 008 | 260312s1897 ua g 00010 ara c | ||
| 040 |
_aSA-JeALM _bara _cSA-RiAUC _erda |
||
| 082 | 0 | 4 | _a081 |
| 090 |
_aم ن 081 _bط ب ر |
||
| 100 | 1 |
_aالطبري، عبد القادر بن محمد بن يحيى، _d976-1033 هجري _eمؤلف. |
|
| 245 | 1 | 5 |
_aكتاب عيون المسائل من أعيان الرسائل / _cتأليف عبد القادر بن محمد الحسيني المكي الطبري ؛ رتبه وطبعه ونشره محمد عمر الحسامي البيروتي. |
| 246 | 3 | 0 | _aعيون المسائل من أعيان الرسائل |
| 264 | 1 |
_aالقاهرة : _bمحمد عمر الحسامي البيروني، _c[1899] |
|
| 300 |
_a252 صفحة ؛ _c29 سم |
||
| 336 |
_aنص _btxt _2rdacontent _3كتاب |
||
| 337 |
_aبدون وسيط _bn _2rdamedia |
||
| 338 |
_aمجلد _bnc _2rdacarrier |
||
| 500 | _aو قد أضيف إليه متن النقابة للسيوطي الذي يحتوي على أربعة عشر علما وأربع رسائل في المساحة والثقل الوعي والجدل والعروض وبعض تحقيقات وشروحات. | ||
| 650 | 7 |
_aالإنسانيات _xفلسفة _2aucsh |
|
| 650 | 7 |
_aالعلوم الاجتماعية _2aucsh |
|
| 700 | 1 |
_aالبيروتي، محمد عمر الحسامي _eمرتب. |
|
| 700 | 1 | 2 |
_aالجلال السيوطي، عبد الرحمن بن أبي بكر بن محمد، _d849-911 هجري |
| 740 | 2 | 2 | _aالنقابة. |
| 942 |
_2ddc _cRBOOK COPY _n0 |
||
| 949 |
_aSA-JeALM _d260312 _umohamedma123 _n1 |
||
| 999 |
_c14555 _d14555 |
||